000 01398nam0a2200337 4500
001 RU\NLR\bibl\397981
005 20260406231735.0
010 _a5-7331-0168-7
_91000
021 _aRU
_b2003-20643
_9956
035 _a(NLR Aleph) 000392194
090 _a522675
_c522675
100 _a20030512d2003 |||y0rusy50 ca
101 0 _arus
102 _aRU
105 _aa |||||||||
200 1 _aСудьбы Серапионов
_e(Портр. и сюжеты)
_fБорис Фрезинский
210 _aСПб.
_cАкад. проект
_d2003
215 _a590 с., [8] л. ил., портр.
_cфакс.
_d21
320 _aБиблиогр. в подстроч. примеч.
320 _aИмен. указ.: с. 560-586
601 1 2 _a"Серапионовы братья", литературная группа
_cЛенинград, город
_91565053
_3RU\NLR\auth\66985064
686 _aШ5(2=Р)7-329.9
700 1 _4070
_7ca
_8rus
_aФрезинский
_bБ. Я.
_f1941-
_gБорис Яковлевич
_9199299
_3RU\NLR\AUTH\770199350
712 0 2 _4570
_a"Серапионовы братья", литературная группа
_cЛенинград
_9464431
_3RU\NLR\AUTH\889984364
801 0 _aRU
_bNLR
_c20030512
_gPSBO
801 1 _aRU
_bNLR
_c20030512
942 _cBOOK
980 _aNB